Entry Término temático
001 - NÚMERO DE CONTROL
- campo de control: 8379
003 - IDENTIFICADOR DEL NÚMERO DE CONTROL
- campo de control: BNPHU
005 - FECHA Y HORA DE LA ÚLTIMA TRANSACCIÓN
- campo de control: 20240516181245.0
008 - DATOS DE LONGITUD FIJA
- campo de control de longitud fija: 200615|| aca||aabn | a|a d
010 ## - NÚMERO DE CONTROL DE LA BIBLIOTECA DEL CONGRESO
- Número de control de LC: sh 85048601
040 ## - FUENTE DE LA CATALOGACIÓN
- Centro catalogador/agencia de origen: DO-SdBNP
- Lengua de catalogación: spa
- Centro/agencia transcriptor: BNPHU
- Normas de descripción: rda
150 ## - ENCABEZAMIENTO--TÉRMINO DE MATERIA
- Término de materia o nombre geográfico como elemento de entrada: Política fiscal
450 0# - TRAZADO DE VÉASE--TÉRMINO DE MATERIA
- Término de materia o nombre geográfico como elemento de entrada: Fiscal policy
450 ## - TRAZADO DE VÉASE--TÉRMINO DE MATERIA
- Término de materia o nombre geográfico como elemento de entrada: Política impositiva
450 ## - TRAZADO DE VÉASE--TÉRMINO DE MATERIA
- Término de materia o nombre geográfico como elemento de entrada: Impuestos, Política de
450 ## - TRAZADO DE VÉASE--TÉRMINO DE MATERIA
- Término de materia o nombre geográfico como elemento de entrada: Política de impuestos
450 ## - TRAZADO DE VÉASE--TÉRMINO DE MATERIA
- Término de materia o nombre geográfico como elemento de entrada: Política tributaria
550 ## - TRAZADO VÉASE ADEMÁS--TÉRMINO DE MATERIA
- Término de materia o nombre geográfico como elemento de entrada: Política económica
- Subcampo de control: g
550 ## - TRAZADO VÉASE ADEMÁS--TÉRMINO DE MATERIA
- Término de materia o nombre geográfico como elemento de entrada: Finanzas públicas
- Subcampo de control: g
550 ## - TRAZADO VÉASE ADEMÁS--TÉRMINO DE MATERIA
- Término de materia o nombre geográfico como elemento de entrada: Inflación
- Subdivisión general: Efecto de los impuestos
- Subcampo de control: g
670 ## - FUENTE DE DATOS ENCONTRADOS
- Cita de la fuente: Work cat.: (OSt)2493: Gómez Sabain, J. 8377, Manual de finanzas públicas y política tributaria / :, 2006.
670 ## - FUENTE DE DATOS ENCONTRADOS
- Identificador Uniforme del Recurso: https://librunam.dgb.unam.mx:8443/F/SMLU8V69S837SHQYPDJB6P1H8IVT4XVDEY9S57YKGGTTBKVEUM-09968?func=full-set-set&set_number=023600&set_entry=000001&format=001 Consultado en 16 de Mayo, 2024
670 ## - FUENTE DE DATOS ENCONTRADOS
- Identificador Uniforme del Recurso: https://authorities.loc.gov/cgi-bin/Pwebrecon.cgi?AuthRecID=4700297&v1=1&HC=3&SEQ=20240516172613&PID=pXo0SGtcx7q4SNEQfEZvXsLCor3 Consultado en 16 de Mayo, 2024
